Evaluación inicial de riesgos por puestos de trabajo en restaurante pizza hut, sucursal Rubén Darío, Managua
Evalúa los riegos por puestos de trabajo en el restaurante pizza hut, según las leyes y normativas vigentes en materia de higiene y seguridad del trabajo, identifica los riegos a los cuales están expuestos los trabajadores en el restaurante, determina las condiciones laborales en materia de higie...
| Main Author: | |
|---|---|
| Other Authors: | |
| Format: | Tesis Section = Libro |
| Language: | Undetermined Spanish |
| Published: |
Managua
UNI
2020
|
| Subjects: |
| LEADER | 01580nam a2200253Ia 4500 | ||
|---|---|---|---|
| 008 | 240830s9999 xx 000 0 und d | ||
| 040 | |a BIBLIOTECA-RUPAP Mon 363.11 M843 | ||
| 041 | |a spa | ||
| 082 | |a Mon 363.11 M843 | ||
| 100 | 1 | |a Moreno Navarrete, Oscar Argenes | |
| 245 | 1 | 0 | |a Evaluación inicial de riesgos por puestos de trabajo en restaurante pizza hut, sucursal Rubén Darío, Managua |
| 260 | |a Managua |b UNI |c 2020 | ||
| 300 | |a 135 p. :il. | ||
| 500 | |a Contiene anexos y CD. | ||
| 502 | |a Tesis (Ingeniero Industrial)- UNI, 2020. | ||
| 520 | 3 | |a Evalúa los riegos por puestos de trabajo en el restaurante pizza hut, según las leyes y normativas vigentes en materia de higiene y seguridad del trabajo, identifica los riegos a los cuales están expuestos los trabajadores en el restaurante, determina las condiciones laborales en materia de higiene industrial a través de las mediciones de niveles de iluminación, ambiente térmico, estima la probabilidad y severidad de cada uno de los riesgos identificados en los puestos de trabajo del área de producción, define la matriz de riesgos para cada puesto de trabajo, caracteriza el mapa de riesgos del área de producción de la empresa, propone plan de acción que permita controlar los factores de riesgos del área de producción. | |
| 650 | 7 | |a RIESGOS OCUPACIONALES | |
| 650 | 7 | |b RIESGOS INDUSTRIALES | |
| 650 | 7 | |c ACCIDENTES DE TRABAJO-PREVENCION | |
| 650 | 7 | |d MAPAS DE RIESGOS LABORALES | |
| 700 | 1 | |a Tutor: |b Silvestri Jirón, Pietro Marcelo | |
| 942 | |c BK |2 ddc | ||
| 991 | |a TESIS | ||
| 999 | |c 15478 | ||